| 000 | 01199nam a2200349 c 4500 | ||
|---|---|---|---|
| 001 | 57876 | ||
| 003 | CO-BoRNBP | ||
| 005 | 20250811211423.0 | ||
| 007 | ta | ||
| 008 | 210830s2017 ck a jr 000 0 spa d | ||
| 020 | _a9789587803297 | ||
| 040 |
_aCO-BoRNBP _bspa _erda _cCO-BoRNBP |
||
| 041 | 0 | _aspa | |
| 043 | _as-ck--- | ||
| 082 |
_a398 _bG65q |
||
| 082 | 0 | 4 |
_a394.20961 _bG65q _223 |
| 100 |
_aGómez Jattin, Leonardo _eaut _961930 |
||
| 245 | 1 | 0 |
_aQue bailen los que están de fiesta! : _bFiestas populares de Colombia / _cLeonardo Gómez Jattin ; ilustraciones de Rafael Yockteng. |
| 250 | _aPrimera edición | ||
| 264 | 1 |
_aBogotá, Colombia : _bEdiciones SM, _c2017 |
|
| 300 |
_a61 páginas : _bilustraciones |
||
| 336 |
_atexto _btxt _2rdacontent |
||
| 337 |
_asin mediación _bn _2rdamedia |
||
| 338 |
_avolumen _bnc _2rdacarrier |
||
| 505 | 0 | _aCarnavales Fiestas Celebraciones religiosas Festivales musicales | |
| 521 | _aRecomendado para un público mayor de 12 años | ||
| 650 | 0 | 7 |
_aCarnaval _zColombia _2lemb _961931 |
| 650 | 0 | 7 |
_aFestivales populares _zColombia _2LEMB _961932 |
| 650 | 0 | 7 |
_aCultura _zColombiana _2LEMB _961933 |
| 700 | 1 |
_aYockteng, Rafael _eill |
|
| 942 |
_2ddc _cBK |
||
| 999 |
_c57876 _d57876 |
||